Fisiopatología psiquiátrica / (Record no. 171664)

MARC details
000 -LEADER
campo de control de longitud fija 00676nam a22002175i 4500
001 - NÚMERO DE CONTROL
campo de control 171664
003 - IDENTIFICADOR DE NÚMERO DE CONTROL
campo de control ES-MaACL
005 - FECHA Y HORA DE LA ÚLTIMA TRANSACCIÓN
campo de control 20230906214706.0
008 - DATOS DE LONGITUD FIJA--INFORMACIÓN GENERAL
campo de control de longitud fija 090525s1951 sp |||| | spa d
080 ## - NÚMERO DE LA CLASIFICACIÓN DECIMAL UNIVERSAL
Número de la Clasificación Decimal Universal 616.89(02)
100 1# - ENTRADA PRINCIPAL--NOMBRE DE PERSONA
Nombre de persona Solé Sagarra, J.
9 (RLIN) 107133
245 10 - MENCIÓN DEL TÍTULO
Título Fisiopatología psiquiátrica /
Mención de responsabilidad, etc. J. Solé Sagarra ; prólogo de Gonzalo R. Lafora.
250 ## - MENCION DE EDICION
Mención de edición 1ª ed.
260 ## - PUBLICACIÓN, DISTRIBUCIÓN, ETC.
Lugar de publicación, distribución, etc. Barcelona :
Nombre del editor, distribuidor, etc. José Janés,
Fecha de publicación, distribución, etc. 1951.
300 ## - DESCRIPCIÓN FÍSICA
Extensión XXI, 300 p. ;
Dimensiones 20 cm.
490 1# - MENCIÓN DE SERIE
Mención de serie Publicaciones médicas
700 1# - ENTRADA AGREGADA--NOMBRE PERSONAL
Nombre de persona Rodríguez Lafora, Gonzalo.
9 (RLIN) 98594
830 0# - PUNTO DE ACCESO ADICIONAL DE SERIE-TÍTULO UNIFORME
Título uniforme Publicaciones médicas
9 (RLIN) 181357
852 ## - LOCALIZACIÓN
Ubicación ES-MaACL
Número de control de estantería F-10180
itemnumber R.113737
Holdings
Estatus retirado Estado de pérdida Estado de daño No para préstamo Biblioteca de origen Biblioteca actual Ubicación en estantería Fecha de adquisición Fuente de adquisición Total de préstamos Signatura topográfica completa Código de barras Visto por última vez Precio de reemplazo Tipo de ítem Koha
        Biblioteca del Ateneo de Madrid Biblioteca del Ateneo de Madrid Sala Pecera Planta 2 25/05/2009     F-10180 1180148 23/02/2023 23/02/2023 Libro impreso